| 000 | 00597cam a22001815a 4500 | ||
|---|---|---|---|
| 001 | L156276 | ||
| 008 | 120510s1869 xxk f 000 0 eng d | ||
| 035 | _a(Sirsi) u156276 | ||
| 041 | 0 | _aeng | |
| 245 | 0 | 4 |
_aThe Domesday book of Kent _cWith translations, notes, and appendix by the Rev. Lambert Blackwell Larking |
| 260 |
_aLondon _bJ. Toovey _c1869 |
||
| 300 |
_ax p., 1 ., facsim. (14 numb.) 190, 54, [1] p. _c47 cm. |
||
| 583 | 0 |
_aCondition reviewed _c20120620 _lcondition level 4 |
|
| 651 | 4 | _aKent | |
| 690 |
_aRural _96268 |
||
| 700 | 1 |
_aLarking, Lambert Blackwell _d1797-1868 |
|
| 942 | _n0 | ||
| 999 |
_c114147 _d114147 |
||